[Event "Skakligaen 2025-26"]
[Site "Denmark"]
[Date "2025.11.02"]
[Round "2.2"]
[White "Olsen, Filip Boe"]
[Black "Le Besq, Alexander"]
[Result "1-0"]
[WhiteElo "2456"]
[BlackElo "2280"]
[EventDate "2025.11.01"]
[EventType "team-tourn"]
[EventRounds "9"]
[EventCountry "DEN"]
[SourceTitle "Holdskaksystemet"]
[WhiteTeam "Skanderborg"]
[BlackTeam "Frem"]
[WhiteTeamCountry "DEN"]
[BlackTeamCountry "DEN"]

1. Nf3 Nf6 2. g3 g6 3. c4 Bg7 4. d4 O-O 5. Bg2 d6 6. Nc3 Nc6 7. d5 Na5 8. b3 c5 9. Bb2 a6 10. O-O Rb8 11. Nd2 b5 12. Qc1 bxc4 13. bxc4 Nd7 14. Nd1 Ne5 15. f4 Rxb2 16. Nxb2 Ng4 17. Nd1 Bd4+ 18. Kh1 Bxa1 19. Qxa1 Bd7 20. h3 Nf6 21. Rf3 Qc7 22. Re3 Re8 23. Nf2 Nb7 24. Qb2 a5 25. Rb3 Bc8 26. e4 a4 27. Rb5 Nd8 28. Qc3 Bd7 29. Qa5 Qxa5 30. Rxa5 Nh5 31. Ra7 Bc8 32. Kh2 f6 33. Rxa4 Nf7 34. Ra7 e5 35. dxe6 Bxe6 36. a4 Kf8 37. a5 Rb8 38. Nd3 Ng7 39. a6 Bc8 40. e5 fxe5 41. Rxf7+ Kxf7 42. a7 1-0

[Event "Skakligaen 2025-26"]
[Site "Denmark"]
[Date "2025.11.02"]
[Round "2.3"]
[White "Dyrgaard, Kristoffer"]
[Black "Pajeken, Jakob Leon"]
[Result "0-1"]
[WhiteElo "2267"]
[BlackElo "2467"]
[EventDate "2025.11.01"]
[EventType "team-tourn"]
[EventRounds "9"]
[EventCountry "DEN"]
[SourceTitle "Holdskaksystemet"]
[WhiteTeam "Frem"]
[BlackTeam "Skanderborg"]
[WhiteTeamCountry "DEN"]
[BlackTeamCountry "DEN"]

1. e4 e5 2. Nf3 Nc6 3. Bc4 Bc5 4. c3 d6 5. d4 exd4 6. cxd4 Bb6 7. h3 Nf6 8. Nc3 O-O 9. d5 Ne5 10. Nxe5 dxe5 11. O-O Ne8 12. Bd3 Nd6 13. Qe2 f5 14. exf5 Bxf5 15. Bxf5 Nxf5 16. Qxe5 Qh4 17. Qf4 Qh5 18. Bd2 Rae8 19. Kh2 Ne3 20. Bxe3 Rxf4 21. Bxf4 Qf5 22. Bg3 Qc2 23. Rab1 h5 24. Rfc1 Qf5 25. f3 g5 26. Ne4 h4 27. Bf2 Rxe4 28. Bxb6 Re7 29. Bf2 Qxd5 30. Kg1 Qxa2 31. Ra1 Qxb2 32. Rcb1 Qf6 33. Rxa7 b6 34. Ra4 Qf5 35. Rc1 c5 36. Rg4 Rg7 37. Be3 Qd5 38. Re1 b5 39. Re2 b4 40. Kf2 b3 41. Bc1 c4 42. Bb2 Rd7 43. Re5 Qd2+ 44. Re2 c3 0-1

[Event "Skakligaen 2025-26"]
[Site "Denmark"]
[Date "2025.11.02"]
[Round "2.4"]
[White "Pedersen, Nicolai Vesterbaek"]
[Black "Ostergreen Johansen, Torben"]
[Result "1-0"]
[WhiteElo "2341"]
[BlackElo "2155"]
[EventDate "2025.11.01"]
[EventType "team-tourn"]
[EventRounds "9"]
[EventCountry "DEN"]
[SourceTitle "Holdskaksystemet"]
[WhiteTeam "Skanderborg"]
[BlackTeam "Frem"]
[WhiteTeamCountry "DEN"]
[BlackTeamCountry "DEN"]

1. e4 c5 2. Nf3 Nc6 3. Bb5 g6 4. Bxc6 dxc6 5. a4 a5 6. h3 Bg7 7. Nc3 e5 8. d3 Ne7 9. Be3 b6 10. Qd2 h6 11. Ne2 Qd6 12. Ng3 Be6 13. O-O g5 14. Nh5 Rg8 15. Nh2 Bh8 16. Ng4 Bd7 17. Qe2 f5 18. exf5 Nxf5 19. Ng3 Nxg3 20. fxg3 O-O-O 21. Nf2 e4 22. Nxe4 Qe7 23. Rae1 Rgf8 24. Rxf8 Rxf8 25. b4 axb4 26. a5 Bf5 27. axb6 Bd4 28. Bxd4 cxd4 29. Qf2 Bxe4 30. Qxd4 Rd8 31. Rxe4 Rxd4 32. Rxe7 b3 33. cxb3 Rxd3 34. Rc7+ Kb8 35. Rxc6 Rxg3 36. Rxh6 Rxb3 37. Rg6 Rb5 38. Kh2 Kc8 39. Kg3 Kd8 40. Rg8+ Kd7 41. b7 1-0

[Event "Skakligaen 2025-26"]
[Site "Denmark"]
[Date "2025.11.02"]
[Round "2.6"]
[White "Medhus, Vitus Bondo"]
[Black "Andries, Alf"]
[Result "1-0"]
[WhiteElo "2354"]
[BlackElo "2113"]
[EventDate "2025.11.01"]
[EventType "team-tourn"]
[EventRounds "9"]
[EventCountry "DEN"]
[SourceTitle "Holdskaksystemet"]
[WhiteTeam "Skanderborg"]
[BlackTeam "Frem"]
[WhiteTeamCountry "DEN"]
[BlackTeamCountry "DEN"]

1. e4 e5 2. Nf3 Nc6 3. Bb5 a6 4. Ba4 Nf6 5. O-O Be7 6. Re1 b5 7. Bb3 O-O 8. c3 d5 9. exd5 Nxd5 10. Nxe5 Nxe5 11. Rxe5 c6 12. d3 Bd6 13. Re1 Bf5 14. Qf3 Re8 15. Rxe8+ Qxe8 16. Nd2 Qe1+ 17. Nf1 Bg6 18. h3 Rd8 19. Bd1 Nf6 20. Bd2 Bh2+ 21. Kxh2 Qxf1 22. d4 Bh5 23. g4 Bg6 24. Qe2 Qxe2 25. Bxe2 c5 26. Be3 Nd5 27. Kg3 c4 28. a4 b4 29. Bxc4 bxc3 30. bxc3 Nxc3 31. Bxa6 Ra8 32. Bb7 Ra7 33. Bc6 Ra6 34. d5 Be4 35. Bb7 Rd6 36. a5 Nb5 37. a6 Bxd5 38. Bxd5 Rxd5 39. a7 Nxa7 40. Rxa7 h5 41. g5 Rf5 42. Kh4 Rf3 43. Ra4 Rf5 44. Kxh5 Kh7 45. Ra7 1-0

[Event "Skakligaen 2025-26"]
[Site "Denmark"]
[Date "2025.11.02"]
[Round "2.7"]
[White "Wilbrandt, Simon Pil"]
[Black "Berg, Klaus"]
[Result "0-1"]
[WhiteElo "2100"]
[BlackElo "2264"]
[EventDate "2025.11.01"]
[EventType "team-tourn"]
[EventRounds "9"]
[EventCountry "DEN"]
[SourceTitle "Holdskaksystemet"]
[WhiteTeam "Frem"]
[BlackTeam "Skanderborg"]
[WhiteTeamCountry "DEN"]
[BlackTeamCountry "DEN"]

1. d4 Nf6 2. c4 e6 3. Nc3 Bb4 4. f3 d5 5. a3 Bxc3+ 6. bxc3 c5 7. cxd5 Nxd5 8. dxc5 Qa5 9. Qb3 Qxc5 10. e4 Ne7 11. a4 O-O 12. Ba3 Qe3+ 13. Be2 Nbc6 14. Rd1 b6 15. Qc4 Qg5 16. Kf2 e5 17. h4 Qf6 18. Qb5 Be6 19. g4 a6 20. Qxb6 Rfb8 21. Qc5 Bxg4 22. Rd6 Qf4 23. Nh3 Bxh3 24. Rxh3 Rc8 25. Rh1 Nd4 26. cxd4 Rxc5 27. dxc5 Nf5 28. exf5 e4 29. f6 exf3 30. Bxf3 Re8 31. Bc1 Qe5 32. Rc6 Qd4+ 33. Kg3 gxf6 34. Bf4 Kh8 35. Bc7 Rg8+ 36. Kh3 Qd3 37. Rxf6 Qd7+ 38. Kh2 Qxc7+ 39. Rd6 Qxc5 40. Rf6 Qe5+ 0-1

[Event "Skakligaen 2025-26"]
[Site "Denmark"]
[Date "2025.11.02"]
[Round "2.8"]
[White "Brondt, Nicolai Kvist"]
[Black "Ostergreen Johansen, Benjamin"]
[Result "1-0"]
[WhiteElo "2214"]
[BlackElo "2059"]
[EventDate "2025.11.01"]
[EventType "team-tourn"]
[EventRounds "9"]
[EventCountry "DEN"]
[SourceTitle "Holdskaksystemet"]
[WhiteTeam "Skanderborg"]
[BlackTeam "Frem"]
[WhiteTeamCountry "DEN"]
[BlackTeamCountry "DEN"]

1. c4 e6 2. Nc3 d5 3. d4 Nf6 4. cxd5 exd5 5. Bg5 c6 6. e3 Bd6 7. Bd3 O-O 8. Qc2 h6 9. Bh4 Re8 10. Bg3 Bxg3 11. hxg3 a5 12. Nf3 Na6 13. a3 Nc7 14. O-O Ne6 15. Na4 Ng5 16. Nc5 Nge4 17. Ne5 Qd6 18. Nxe4 dxe4 19. Bxe4 Rxe5 20. dxe5 Qxe5 21. Bf3 Bg4 22. Rfd1 Qh5 23. Qe2 Re8 24. Rd4 Bxf3 25. gxf3 Nd5 26. Kg2 Re6 27. Rh1 Qf5 28. Qd3 Qxd3 29. Rxd3 Kf8 30. e4 Nf6 31. Rd8+ Ke7 32. Rb8 b5 33. Rd1 Nd7 34. Rb7 Rd6 35. Rxd6 Kxd6 36. f4 f6 37. Kf3 a4 38. Ke3 g6 39. f3 Ke6 40. Kd4 Kd6 41. Kc3 h5 42. Ra7 Ke6 43. Ra8 g5 44. fxg5 fxg5 45. Rh8 Nf6 46. Kd4 Kf7 47. Rc8 1-0

[Event "Skakligaen 2025-26"]
[Site "Denmark"]
[Date "2025.11.02"]
[Round "2.1"]
[White "Ramsdal, Jens Albert"]
[Black "Thybo, Jesper Sondergaard"]
[Result "0-1"]
[WhiteElo "2321"]
[BlackElo "2568"]
[EventDate "2025.11.01"]
[EventType "team-tourn"]
[EventRounds "9"]
[EventCountry "DEN"]
[SourceTitle "Holdskaksystemet"]
[WhiteTeam "SK1968"]
[BlackTeam "Hillerod"]
[WhiteTeamCountry "DEN"]
[BlackTeamCountry "DEN"]

1. d4 Nf6 2. c4 e6 3. Nf3 d5 4. Nc3 dxc4 5. e3 a6 6. a4 Bb4 7. Bxc4 b6 8. O-O Bb7 9. Qb3 a5 10. Rd1 O-O 11. Bd2 Nbd7 12. Rac1 Qe7 13. Ne2 Bd6 14. Ng3 Ne4 15. Be1 Nxg3 16. hxg3 e5 17. dxe5 Nxe5 18. Nxe5 Bxe5 19. Bc3 Bd6 20. Bd5 Bxd5 21. Qxd5 Rad8 22. Qf5 Rfe8 23. Rd3 Qe4 24. Qxe4 Rxe4 25. Rd4 Rxd4 26. Bxd4 f5 27. Kf1 Kf7 28. Ke2 h5 29. Rd1 Rb8 30. Bc3 g6 31. Rd4 Re8 32. Kf3 g5 33. Rd5 Kg6 34. Rd4 Re6 35. Rd1 Re4 36. Rd4 Rxd4 37. Bxd4 Kf7 38. Ke2 Ke6 39. Kd3 Kd5 40. f4 c5 41. Bf6 c4+ 42. Kc2 g4 43. Bd4 Bxf4 44. Bxb6 Bxg3 45. Kd2 h4 46. Ke2 Be5 47. Bxa5 Bxb2 48. Be1 c3 0-1

[Event "Skakligaen 2025-26"]
[Site "Denmark"]
[Date "2025.11.02"]
[Round "2.2"]
[White "Hansen, Sune Berg"]
[Black "Matthiesen, Martin"]
[Result "1-0"]
[WhiteElo "2508"]
[BlackElo "2308"]
[EventDate "2025.11.01"]
[EventType "team-tourn"]
[EventRounds "9"]
[EventCountry "DEN"]
[SourceTitle "Holdskaksystemet"]
[WhiteTeam "Hillerod"]
[BlackTeam "SK1968"]
[WhiteTeamCountry "DEN"]
[BlackTeamCountry "DEN"]

1. Nf3 d5 2. e3 Nf6 3. c4 e6 4. b3 Be7 5. Bb2 O-O 6. Nc3 dxc4 7. bxc4 c5 8. Qc2 b6 9. Bd3 Nc6 10. a3 h6 11. O-O Bb7 12. Rfd1 Qc7 13. Nb5 Qd7 14. Be2 Rac8 15. Rab1 Rfd8 16. Ba1 Ne8 17. d4 cxd4 18. Bxd4 Nd6 19. Ne5 Qe8 20. Nxc6 Qxc6 21. Bf3 Qd7 22. Nxd6 Bxd6 23. Be5 Bxe5 24. Rxd7 Rxd7 25. Bxb7 Rxb7 26. Qe4 1-0

[Event "Skakligaen 2025-26"]
[Site "Denmark"]
[Date "2025.11.02"]
[Round "2.3"]
[White "Thogersen, Rasmus"]
[Black "Schandorff, Lars"]
[Result "1-0"]
[WhiteElo "2271"]
[BlackElo "2463"]
[EventDate "2025.11.01"]
[EventType "team-tourn"]
[EventRounds "9"]
[EventCountry "DEN"]
[SourceTitle "Holdskaksystemet"]
[WhiteTeam "SK1968"]
[BlackTeam "Hillerod"]
[WhiteTeamCountry "DEN"]
[BlackTeamCountry "DEN"]

1. e4 c6 2. d4 d5 3. e5 Bf5 4. Nf3 e6 5. Be2 a5 6. a4 f6 7. O-O Nd7 8. Bf4 fxe5 9. Nxe5 Nxe5 10. Bxe5 Nf6 11. Bd3 Bd6 12. Nc3 O-O 13. f4 Ng4 14. Qe2 Bxe5 15. dxe5 Qb6+ 16. Kh1 Qxb2 17. Bxf5 exf5 18. Qd2 Qb6 19. h3 Qe3 20. Qe1 Qxe1 21. Raxe1 Nh6 22. Rb1 Ra7 23. Rb6 Nf7 24. Ne2 Nd8 25. Nd4 g6 26. g4 fxg4 27. hxg4 Re8 28. Re1 Nf7 29. Kg2 Kg7 30. Kg3 Re7 31. Nf3 Nh6 32. e6 Ra8 33. Nd4 Rae8 34. f5 c5 35. Nb3 gxf5 36. g5 Ng8 37. Kf4 Rc7 38. Nxa5 Ne7 39. Rxb7 Ng6+ 40. Kxf5 Rf8+ 41. Kg4 Re7 42. Rxe7+ Nxe7 43. Nb7 Rf2 44. c3 d4 45. Nxc5 dxc3 46. Ne4 Rf5 47. Nxc3 Kg6 48. Ne4 Re5 49. Kf3 Rxe6 50. Rh1 Nf5 51. Kf4 Ra6 52. Rb1 h6 53. gxh6 Nxh6 54. Nc5 Rc6 55. Rb5 Nf7 56. Ke4 Kf6 57. a5 Rc8 58. Kd5 Rd8+ 59. Kc6 Ne5+ 60. Kc7 Rd1 61. a6 Ra1 62. Kb7 Nf7 63. Rb6+ Ke7 64. Re6+ Kd8 65. a7 Rb1+ 66. Kc6 Ra1 67. Nb7+ 1-0

[Event "Skakligaen 2025-26"]
[Site "Denmark"]
[Date "2025.11.02"]
[Round "2.4"]
[White "Storme, Isak"]
[Black "Matthiesen, Arne"]
[Result "1/2-1/2"]
[WhiteElo "2434"]
[BlackElo "2295"]
[EventDate "2025.11.01"]
[EventType "team-tourn"]
[EventRounds "9"]
[EventCountry "DEN"]
[SourceTitle "Holdskaksystemet"]
[WhiteTeam "Hillerod"]
[BlackTeam "SK1968"]
[WhiteTeamCountry "DEN"]
[BlackTeamCountry "DEN"]

1. e4 e6 2. d4 d5 3. e5 c5 4. c3 Nc6 5. Nf3 Bd7 6. Be2 Nge7 7. O-O Ng6 8. g3 Be7 9. h4 O-O 10. h5 Nh8 11. Bd3 f5 12. exf6 gxf6 13. dxc5 Bxc5 14. Nd4 f5 15. Bh6 Rf7 16. Be3 Qb6 17. Nd2 Nxd4 18. b4 Ne2+ 19. Qxe2 Bxe3 20. Qxe3 Qxe3 21. fxe3 Rg7 22. Kf2 Nf7 23. Nf3 e5 24. Bc2 Rc8 25. Bb3 Be6 26. Rad1 Rxc3 27. Rc1 Nd6 28. Rxc3 Ne4+ 29. Kg2 Nxc3 30. Nxe5 Ne4 31. Rf3 Nd2 32. Rf4 Ne4 33. g4 Nf6 34. Kf2 Nxg4+ 35. Nxg4 fxg4 36. e4 g3+ 37. Kg2 Rg5 38. h6 Re5 39. exd5 Bxd5+ 40. Re4 Rg5 41. Bxd5+ Rxd5 42. Rg4+ Kh8 43. Kxg3 Rd6 44. Rc4 Rxh6 45. Rc8+ Kg7 46. Rc7+ Kg8 47. Rc8+ Kg7 48. Rc7+ Kg8 49. Rc8+ 1/2-1/2

[Event "Skakligaen 2025-26"]
[Site "Denmark"]
[Date "2025.11.02"]
[Round "2.5"]
[White "Rewitz, Poul"]
[Black "Borge, Nikolaj"]
[Result "1/2-1/2"]
[WhiteElo "2236"]
[BlackElo "2378"]
[EventDate "2025.11.01"]
[EventType "team-tourn"]
[EventRounds "9"]
[EventCountry "DEN"]
[SourceTitle "Holdskaksystemet"]
[WhiteTeam "SK1968"]
[BlackTeam "Hillerod"]
[WhiteTeamCountry "DEN"]
[BlackTeamCountry "DEN"]

1. b3 c5 2. Bb2 Nc6 3. e3 d5 4. Bb5 e6 5. Nf3 f6 6. O-O Bd6 7. d4 Nge7 8. c4 a6 9. Bxc6+ bxc6 10. Nc3 O-O 11. dxc5 Bxc5 12. Rc1 Bd6 13. e4 Bf4 14. Rc2 dxc4 15. bxc4 Qa5 16. e5 Ng6 17. exf6 gxf6 18. Ne4 e5 19. Nfd2 Bf5 20. Qh5 Ne7 21. Bc3 Qa3 22. Qf3 Bxd2 23. Bxd2 Qxf3 24. gxf3 Ng6 25. Bh6 Rf7 26. Rc3 Rd8 27. c5 Bh3 28. Rb1 Nh4 29. Nd6 Nf5 30. f4 Bg4 31. Nxf7 Kxf7 32. h3 Bh5 33. fxe5 Nxh6 34. Rb7+ Kg8 35. exf6 Rf8 36. Rd3 Nf5 37. Rdd7 Bg6 38. Rdc7 Nd4 39. Ra7 Rxf6 40. Rc8+ Rf8 41. Rxf8+ Kxf8 42. Rxa6 Ke7 43. Ra4 Ne2+ 44. Kg2 Ke6 45. f4 Kd5 46. Kf3 Nd4+ 47. Kg4 Bf5+ 48. Kg5 Bxh3 49. Ra3 Ne6+ 50. Kf6 Nxf4 51. Rf3 Ke4 52. Rb3 Nd3 53. a4 Bf1 54. Rb1 Be2 55. Ke6 Nxc5+ 56. Kd6 Nxa4 57. Rb4+ Kf5 58. Rxa4 Bf3 59. Ra8 h5 60. Rf8+ Kg4 61. Ke5 h4 62. Rg8+ Kh3 63. Kf4 Bd5 64. Rh8 Bc4 1/2-1/2

[Event "Skakligaen 2025-26"]
[Site "Denmark"]
[Date "2025.11.02"]
[Round "2.6"]
[White "Percivaldi, Martin"]
[Black "Hansen, Lars"]
[Result "1/2-1/2"]
[WhiteElo "2375"]
[BlackElo "2221"]
[EventDate "2025.11.01"]
[EventType "team-tourn"]
[EventRounds "9"]
[EventCountry "DEN"]
[SourceTitle "Holdskaksystemet"]
[WhiteTeam "Hillerod"]
[BlackTeam "SK1968"]
[WhiteTeamCountry "DEN"]
[BlackTeamCountry "DEN"]

1. Nf3 Nf6 2. c4 e6 3. g3 d5 4. d4 Bb4+ 5. Nbd2 dxc4 6. Bg2 O-O 7. Qc2 b5 8. a4 bxa4 9. Ne5 Nd5 10. O-O Bb7 11. Ndxc4 Nd7 12. Qxa4 Nxe5 13. Nxe5 c5 14. Qd7 Qb8 15. Bf4 Nxf4 16. Bxb7 Nxe2+ 17. Kg2 Nxd4 18. Bxa8 Qxa8+ 19. f3 a5 20. Rf2 Qd5 21. Qc7 f6 22. Ng4 e5 23. Ne3 Qb3 24. Nf1 Nc2 25. Rb1 Ne1+ 26. Kh1 Nxf3 27. Qc6 Nd4 28. Qe4 a4 29. Ne3 Rd8 30. Rbf1 Qe6 31. Ra1 Qb3 32. Raf1 Qe6 33. Ra1 Qb3 34. Raf1 Qe6 1/2-1/2

[Event "Skakligaen 2025-26"]
[Site "Denmark"]
[Date "2025.11.02"]
[Round "2.7"]
[White "Christensen, Thomas K"]
[Black "Ostergaard, Jens"]
[Result "0-1"]
[WhiteElo "2198"]
[BlackElo "2277"]
[EventDate "2025.11.01"]
[EventType "team-tourn"]
[EventRounds "9"]
[EventCountry "DEN"]
[SourceTitle "Holdskaksystemet"]
[WhiteTeam "SK1968"]
[BlackTeam "Hillerod"]
[WhiteTeamCountry "DEN"]
[BlackTeamCountry "DEN"]

1. d4 Nf6 2. c4 g6 3. Nc3 Bg7 4. Nf3 O-O 5. Bg5 d6 6. e3 Nbd7 7. h3 e5 8. Be2 c6 9. O-O Qe7 10. Qc2 h6 11. Bh4 Re8 12. b4 Nf8 13. Rad1 Bf5 14. Qb3 g5 15. Bg3 Ne4 16. Nxe4 Bxe4 17. c5 dxc5 18. dxc5 Rad8 19. Bc4 Ng6 20. Rd6 b5 21. Rxd8 Rxd8 22. Be2 Bd5 23. Qa3 f5 24. Rd1 f4 25. Bh2 Kh7 26. Qa5 Rf8 27. a4 bxa4 28. Nd2 e4 29. Bh5 Ne5 30. Qxa4 Nd3 31. Be2 Nb2 32. Qc2 Nxd1 33. Bxd1 Kh8 34. Nc4 Qf6 35. exf4 gxf4 36. Nd6 Qc3 37. Qe2 Qxb4 38. Kh1 Qb2 39. Qg4 e3 40. Nf5 0-1

[Event "Skakligaen 2025-26"]
[Site "Denmark"]
[Date "2025.11.02"]
[Round "2.8"]
[White "Pedersen, Jan Nordenbaek"]
[Black "Moller, Morten Kock"]
[Result "1/2-1/2"]
[WhiteElo "2170"]
[BlackElo "2189"]
[EventDate "2025.11.01"]
[EventType "team-tourn"]
[EventRounds "9"]
[EventCountry "DEN"]
[SourceTitle "Holdskaksystemet"]
[WhiteTeam "Hillerod"]
[BlackTeam "SK1968"]
[WhiteTeamCountry "DEN"]
[BlackTeamCountry "DEN"]

1. e4 c5 2. Nf3 e6 3. b3 b6 4. Bb2 Bb7 5. Nc3 Nc6 6. g3 Nf6 7. Bg2 Be7 8. O-O O-O 9. Re1 Nd4 10. e5 Nxf3+ 11. Bxf3 Bxf3 12. Qxf3 Ne8 13. Ne4 f5 14. exf6 Nxf6 15. Be5 Qe8 16. a4 Qg6 17. Bxf6 Bxf6 18. Nxf6+ Qxf6 19. Qxf6 gxf6 20. a5 1/2-1/2

[Event "Skakligaen 2025-26"]
[Site "Denmark"]
[Date "2025.11.23"]
[Round "3.1"]
[White "Sorensen, Hampus"]
[Black "Hansen, Curt"]
[Result "1/2-1/2"]
[WhiteElo "2437"]
[BlackElo "2596"]
[EventDate "2025.11.01"]
[EventType "team-tourn"]
[EventRounds "9"]
[EventCountry "DEN"]
[SourceTitle "Holdskaksystemet"]
[WhiteTeam "Koge"]
[BlackTeam "Frem"]
[WhiteTeamCountry "DEN"]
[BlackTeamCountry "DEN"]

1. d4 Nf6 2. Bf4 g6 3. e3 Bg7 4. Nf3 d6 5. h3 O-O 6. Be2 c5 7. c3 b6 8. O-O Bb7 9. Nbd2 Nbd7 10. Bh2 Re8 11. b4 Ne4 12. Nxe4 Bxe4 13. Qb3 e5 14. dxc5 bxc5 15. Bc4 Rf8 16. Rad1 Bxf3 17. gxf3 Qc7 18. Bd5 Rab8 19. b5 Nf6 20. c4 Qc8 21. Kg2 Qf5 22. Bc6 Rbd8 23. Qd3 Qg5+ 24. Kh1 Qh5 25. Kg2 Qg5+ 26. Kh1 Qh5 27. Kg2 1/2-1/2

[Event "Skakligaen 2025-26"]
[Site "Denmark"]
[Date "2025.11.23"]
[Round "3.2"]
[White "Rasmussen, Allan Stig"]
[Black "Pantzar, Milton"]
[Result "1/2-1/2"]
[WhiteElo "2490"]
[BlackElo "2420"]
[EventDate "2025.11.01"]
[EventType "team-tourn"]
[EventRounds "9"]
[EventCountry "DEN"]
[SourceTitle "Holdskaksystemet"]
[WhiteTeam "Frem"]
[BlackTeam "Koge"]
[WhiteTeamCountry "DEN"]
[BlackTeamCountry "DEN"]

1. e4 e5 2. Nf3 Nc6 3. Nc3 Nf6 4. h3 Bb4 5. a3 Bxc3 6. dxc3 Nxe4 7. Nxe5 Nxe5 8. Qd5 O-O 9. Qxe4 Re8 10. Be3 d6 11. Qd4 b6 12. O-O-O Bb7 13. c4 a5 14. Qc3 a4 15. Rg1 Qe7 16. g4 Nf3 17. Rg3 Ng5 18. Bd3 Ne4 19. Bxe4 Qxe4 20. Bd4 Qf4+ 21. Be3 Qe5 22. Qxe5 Rxe5 23. Rd4 Bc6 1/2-1/2

[Event "Skakligaen 2025-26"]
[Site "Denmark"]
[Date "2025.11.23"]
[Round "3.3"]
[White "Smith, Axel"]
[Black "Loftgaard, Mikkel Vinh"]
[Result "1/2-1/2"]
[WhiteElo "2431"]
[BlackElo "2342"]
[EventDate "2025.11.01"]
[EventType "team-tourn"]
[EventRounds "9"]
[EventCountry "DEN"]
[SourceTitle "Holdskaksystemet"]
[WhiteTeam "Koge"]
[BlackTeam "Frem"]
[WhiteTeamCountry "DEN"]
[BlackTeamCountry "DEN"]

1. c4 c5 2. Nf3 Nf6 3. Nc3 Nc6 4. d4 cxd4 5. Nxd4 e6 6. e4 Bb4 7. Nxc6 bxc6 8. Bd3 d5 9. exd5 exd5 10. O-O O-O 11. cxd5 Bxc3 12. bxc3 Qxd5 13. Ba3 Rd8 14. Bc4 Qa5 15. Bb4 Rxd1 16. Bxa5 Rxa1 17. Rxa1 Rb8 18. Rd1 Nd5 19. Bb3 Be6 20. f3 Rb5 21. Bc7 Rb7 22. Be5 f6 23. Bd4 Nf4 24. Bxe6+ Nxe6 25. Be3 Rb2 26. Rd6 Kf7 27. Rd7+ Ke8 28. Rxa7 Re2 29. Bf2 Rc2 30. g3 Rxc3 31. f4 f5 32. a4 c5 33. a5 Ra3 34. Kf1 Ra1+ 35. Ke2 Ra2+ 36. Ke1 Ra1+ 37. Ke2 Ra2+ 38. Ke1 Ra1+ 39. Kd2 Ra2+ 1/2-1/2

[Event "Skakligaen 2025-26"]
[Site "Denmark"]
[Date "2025.11.23"]
[Round "3.4"]
[White "Le Besq, Alexander"]
[Black "Pedersen, Henrik Dahl"]
[Result "1/2-1/2"]
[WhiteElo "2280"]
[BlackElo "2289"]
[EventDate "2025.11.01"]
[EventType "team-tourn"]
[EventRounds "9"]
[EventCountry "DEN"]
[SourceTitle "Holdskaksystemet"]
[WhiteTeam "Frem"]
[BlackTeam "Koge"]
[WhiteTeamCountry "DEN"]
[BlackTeamCountry "DEN"]

1. e4 e5 2. Nf3 Nc6 3. Bb5 Nf6 4. O-O Nxe4 5. Re1 Nd6 6. Nxe5 Be7 7. Bf1 Nxe5 8. Rxe5 O-O 9. d4 Bf6 10. Re1 Re8 11. c3 Rxe1 12. Qxe1 Nf5 13. Bf4 Ne7 14. Na3 d6 15. Nc4 Be6 16. a4 Nd5 17. Bg3 Bh4 18. Bd3 Bxg3 19. hxg3 Nf6 20. Qe3 a5 21. Qf3 Bd5 22. Qf4 Bxc4 23. Bxc4 d5 24. Bd3 c6 25. g4 h6 26. Re1 Qb8 27. Qf5 Qc8 28. Re7 Qxf5 29. Bxf5 Rb8 30. f3 g6 31. Bd3 Kf8 32. Re1 Ne8 33. Kf2 Nd6 34. Rb1 Ke7 35. Rh1 Rh8 36. g5 h5 37. Kg3 Kd7 38. Kf4 Re8 39. Rb1 Kc7 40. b3 b5 41. Ra1 Kb6 42. b4 bxa4 43. Rxa4 axb4 44. Rxb4+ Kc7 45. Rb1 Nb7 46. Kg3 Nd8 47. Rd1 Ne6 48. f4 Ra8 49. f5 gxf5 50. Bxf5 Nxg5 51. Kh4 Rg8 52. Kxh5 f6 53. Rf1 Kd6 54. Re1 Ne4 55. Bxe4 dxe4 56. Rxe4 Rxg2 57. Rf4 Ke6 58. Rf3 f5 59. Re3+ Kf6 60. Kh4 Rc2 61. Kg3 Kg5 62. Kf3 Rh2 63. Kg3 Rd2 64. Rf3 Rc2 65. Rd3 f4+ 66. Kf3 Kf5 67. d5 cxd5 68. Rxd5+ Ke6 69. Rc5 Kd6 70. Rc8 Ke5 71. Rc4 Rc1 72. Re4+ Kd5 73. c4+ Rxc4 74. Rxc4 Kxc4 75. Kxf4 1/2-1/2

[Event "Skakligaen 2025-26"]
[Site "Denmark"]
[Date "2025.11.23"]
[Round "3.5"]
[White "Jorgensen, Brian"]
[Black "Dyrgaard, Kristoffer"]
[Result "1/2-1/2"]
[WhiteElo "2250"]
[BlackElo "2267"]
[EventDate "2025.11.01"]
[EventType "team-tourn"]
[EventRounds "9"]
[EventCountry "DEN"]
[SourceTitle "Holdskaksystemet"]
[WhiteTeam "Koge"]
[BlackTeam "Frem"]
[WhiteTeamCountry "DEN"]
[BlackTeamCountry "DEN"]

1. d4 Nf6 2. c4 g6 3. Nc3 d5 4. Nf3 Bg7 5. Bg5 Ne4 6. cxd5 Nxg5 7. Nxg5 e6 8. Qd2 h6 9. Nh3 exd5 10. Qe3+ Kf8 11. Nf4 Nc6 12. O-O-O Kg8 13. Nfxd5 b5 14. Qf3 Nxd4 15. Qe4 Kh7 16. Rxd4 c6 17. e3 cxd5 18. Rxd5 Qc7 19. Qb4 a6 20. Be2 Bb7 21. Rd2 Bxg2 22. Rhd1 Bh3 23. Kb1 Rac8 24. Nd5 Qe5 25. e4 Rhe8 26. Bd3 Be6 27. f4 Qh5 28. f5 gxf5 29. Nf4 Qg4 30. Nxe6 Rxe6 31. Re1 Rce8 32. Rde2 Kg8 33. a3 f4 34. Rf1 Rd8 35. Qb3 Red6 36. Rd2 Qh3 37. Rfd1 Qe3 38. Qc2 f3 39. e5 Qxe5 40. Bh7+ Kh8 41. Rxd6 Rxd6 42. Rxd6 Qxd6 43. Be4 Be5 44. Qc8+ Kg7 45. Qg4+ Kf8 46. Qxf3 Bxh2 47. Bd5 Bf4 48. Ka2 a5 49. Qh5 Qd7 50. Qf3 Qf5 51. Be4 Qe5 52. Bd5 b4 53. axb4 axb4 54. Qb3 Qe7 55. Qc4 Bd6 56. Qc8+ Kg7 57. Qg4+ Qg5 58. Qd4+ Qf6 59. Qg4+ Qg6 60. Qd4+ Kf8 61. Be4 Qe6+ 62. Bd5 Qg6 63. Be4 Qg3 64. Bd5 Qg7 65. Qc4 h5 66. Qc8+ Ke7 67. Qb7+ Kf6 68. Qd7 Qf8 69. Be4 Qb8 70. Qf5+ Ke7 71. Bd5 Qa7+ 72. Kb3 Qe3+ 73. Ka4 Qa7+ 74. Kb3 Qe3+ 75. Ka4 Qf4 76. Qxh5 Qf6 77. Qe2+ Kf8 78. Kb3 Qf4 79. Qf3 Qxf3+ 80. Bxf3 Ke7 81. Kc4 f5 82. Kd3 Kf6 83. b3 Ke5 84. Bc6 Kf4 85. Ke2 Bc5 86. Kf1 Ke3 87. Bd5 f4 88. Bf7 f3 89. Bd5 f2 90. Bc4 Kd2 91. Be6 Kc3 92. Ke2 Kc2 93. Bc4 Kc3 94. Be6 Kc2 95. Bc4 Kc3 * 1/2-1/2

[Event "Skakligaen 2025-26"]
[Site "Denmark"]
[Date "2025.11.23"]
[Round "3.6"]
[White "Ostergreen Johansen, Torben"]
[Black "Meskenas, Paulius"]
[Result "0-1"]
[WhiteElo "2155"]
[BlackElo "2188"]
[EventDate "2025.11.01"]
[EventType "team-tourn"]
[EventRounds "9"]
[EventCountry "DEN"]
[SourceTitle "Holdskaksystemet"]
[WhiteTeam "Frem"]
[BlackTeam "Koge"]
[WhiteTeamCountry "DEN"]
[BlackTeamCountry "DEN"]

1. e4 e5 2. Nf3 Nc6 3. Bc4 Bc5 4. c3 Nf6 5. d3 d6 6. O-O O-O 7. a4 a5 8. Re1 h6 9. h3 Re8 10. Nbd2 Be6 11. Bxe6 Rxe6 12. Nf1 d5 13. Ng3 dxe4 14. dxe4 Qxd1 15. Rxd1 Rd8 16. Rxd8+ Nxd8 17. Kf1 Nd7 18. Ke2 Rb6 19. Nd2 Rf6 20. Nf5 Ne6 21. Nc4 Kh7 22. g3 b6 23. Nce3 g6 24. Ng4 gxf5 25. Nxf6+ Nxf6 26. exf5 Ng7 27. g4 Nge8 28. Be3 Bxe3 29. Kxe3 Nd6 30. Kd3 Nd5 31. Kc2 Kg7 32. Re1 Kf6 33. b3 Nf4 34. Re3 e4 35. c4 Kg5 36. Kd2 Kh4 37. Rxe4 Nxe4+ 38. Ke3 Nxf2 39. Kxf4 Nxh3+ 40. Ke5 Kxg4 41. Kd4 0-1